Southville International School and Colleges
Your cart is empty.
  • Cart
  • Lists
    Public lists Eva Luna New books Lux_list list_1
    Your lists Log in to create your own lists
  • Log in to your account
  • Your cookies
  • Search history
Southville International School and Colleges
  • Advanced search
  • Recent comments
  • Most popular
  • Libraries

Log in to your account

Log in with GOOGLE


If you do not have an external account, but do have a local account, you can still log in:

  1. Home
  2. MARC view: Using theories for second language teaching and learning
Normal view MARC view ISBD view

Using theories for second language teaching and learning (Record no. 366193)

[ view plain ]
MARC details
000 -LEADER
fixed length control field 00703nam a22002057a 4500
003 - CONTROL NUMBER IDENTIFIER
control field 0
005 - DATE AND TIME OF LATEST TRANSACTION
control field 20240907155039.0
008 - FIXED-LENGTH DATA ELEMENTS--GENERAL INFORMATION
fixed length control field 240907b xxu||||| |||| 00| 0 eng d
020 ## - INTERNATIONAL STANDARD BOOK NUMBER
International Standard Book Number 978-1-350-25890-7
050 ## - LIBRARY OF CONGRESS CALL NUMBER
Classification number PE 1128
Item number .G75 2024
100 ## - MAIN ENTRY--PERSONAL NAME
Personal name Griffee, Dale T.
245 ## - TITLE STATEMENT
Title Using theories for second language teaching and learning
Statement of responsibility, etc Dale T. Griffee and Greta Gorsuch
260 ## - PUBLICATION, DISTRIBUTION, ETC. (IMPRINT)
Place of publication, distribution, etc London
Name of publisher, distributor, etc Bloomsbury Academic
Date of publication, distribution, etc 2024
300 ## - PHYSICAL DESCRIPTION
Extent ix, 274 pages ;
Dimensions 24cm.
504 ## - BIBLIOGRAPHY, ETC. NOTE
Bibliography, etc Includes bibliographical references, index, and glossary.
650 ## - SUBJECT ADDED ENTRY--TOPICAL TERM
Topical term or geographic name as entry element English language--study&teaching--foreign speakers.
650 ## - SUBJECT ADDED ENTRY--TOPICAL TERM
Topical term or geographic name as entry element Ability testing.
650 ## - SUBJECT ADDED ENTRY--TOPICAL TERM
Topical term or geographic name as entry element Second language acquisition.
942 ## - ADDED ENTRY ELEMENTS (KOHA)
Source of classification or shelving scheme Library of Congress Classification
Koha item type Books
Holdings
Withdrawn status Lost status Source of classification or shelving scheme Damaged status Home library Current library Shelving location Date acquired Source of acquisition Sub Shelving location Total Checkouts Full call number Barcode Date last seen Price effective from Koha item type
    Library of Congress Classification   College Library College Library Reserve Section 09/07/2024 Library Fund     PE 1128 .G75 2024 C23560 09/07/2024 09/07/2024 Books

Using theories for second language teaching and learning

APA

Griffee D. T., . (2024). Using theories for second language teaching and learning. London: Bloomsbury Academic.

Chicago

Griffee Dale T, . 2024. Using theories for second language teaching and learning. London: Bloomsbury Academic.

Harvard

Griffee D. T., . (2024). Using theories for second language teaching and learning. London: Bloomsbury Academic.

MLA

Griffee Dale T, . Using theories for second language teaching and learning. London: Bloomsbury Academic. 2024.

  • Place hold
  • Print
  • Cite
  • Add to your cart (remove)
  • Save record
    BIBTEX Dublin Core MARCXML MARC (non-Unicode/MARC-8) MARC (Unicode/UTF-8) MARC (Unicode/UTF-8, Standard) MODS (XML) RIS
  • More searches
    Search for this title in:
    Other Libraries (WorldCat) Other Databases (Google Scholar) Online Stores (Bookfinder.com) Open Library (openlibrary.org)

Exporting to Dublin Core...

SOUTHVILLE LIBRARY

Southville International School and Colleges Library

1281 Tropical Ave. Cor. Luxembourg St., BF Homes International, Las Pinas City

Tel. No. 8256374 / 252358 Loc. 117/146

Powered by Koha